000 00423nam a2200193Ia 4500
005 20240823050438.0
008 240823s9999||||xx |||||||||||||| ||und||
020 _a9780333-913765
041 _aENGLISH
082 _A822.33 Q3
100 _aVerity A W
245 4 _aThe Merchant of Venice
250 _a1st
260 _c2013
_bMacm
500 _aYES
650 _aNovel
_bEnglish
942 _cBK
999 _c217269
_d217269